Dermatología clínica para médicos generales y estudiantes de medicina / (Record no. 91539)

MARC details
000 -LEADER
campo de control de longitud fija 00740nam a2200193 i 4500
001 - NÚMERO DE CONTROL
campo de control 91539
003 - IDENTIFICADOR DE NÚMERO DE CONTROL
campo de control ES-MaACL
005 - FECHA Y HORA DE LA ÚLTIMA TRANSACCIÓN
campo de control 20230906180740.0
007 - CAMPO FIJO DE DESCRIPCIÓN FÍSICA--INFORMACIÓN GENERAL
campo de control de longitud fija t|
008 - DATOS DE LONGITUD FIJA--INFORMACIÓN GENERAL
campo de control de longitud fija 050131s1956 sp ||||1| spa d
100 1# - ENTRADA PRINCIPAL--NOMBRE DE PERSONA
Nombre de persona Lewis, G. M.
9 (RLIN) 72053
245 10 - MENCIÓN DEL TÍTULO
Título Dermatología clínica para médicos generales y estudiantes de medicina /
Mención de responsabilidad, etc. por G.M. Lewis ; traducción española de la primera edición inglesa ; prólogo y notas por Xavier Vilanova y Felipe de Dulanto.
250 ## - MENCION DE EDICION
Mención de edición [1ª ed.].
260 ## - PUBLICACIÓN, DISTRIBUCIÓN, ETC.
Lugar de publicación, distribución, etc. Barcelona, etc. :
Nombre del editor, distribuidor, etc. Salvat,
Fecha de publicación, distribución, etc. 1956 (
Fabricante Imp. Hispano-Americana)
300 ## - DESCRIPCIÓN FÍSICA
Extensión XV, 399 p., 99 lám. :
Otras características físicas il. ;
Dimensiones 25 cm.
700 1# - ENTRADA AGREGADA--NOMBRE PERSONAL
Nombre de persona Vilanova, Xavier.
9 (RLIN) 114780
700 1# - ENTRADA AGREGADA--NOMBRE PERSONAL
Nombre de persona Dulanto, Felipe de.
9 (RLIN) 45963
852 ## - LOCALIZACIÓN
Ubicación ES-MaACL
Número de control de estantería C-10173
Sublocalización o colección R.38576
Holdings
Estatus retirado Estado de pérdida Estado de daño No para préstamo Biblioteca de origen Biblioteca actual Ubicación en estantería Fecha de adquisición Fuente de adquisición Total de préstamos Signatura topográfica completa Código de barras Visto por última vez Precio de reemplazo Tipo de ítem Koha
        Biblioteca del Ateneo de Madrid Biblioteca del Ateneo de Madrid Sala Palomar 17/01/2008     C-10173 1095571 23/02/2023 23/02/2023 Libro impreso